|
|
|
|
| LEADER |
00000nam0a2200000 4500 |
| 001 |
370884 |
| 005 |
20231102012326.0 |
| 035 |
|
|
|a (RuTPU)RU\TPU\retro\28293
|
| 035 |
|
|
|a RU\TPU\retro\28292
|
| 090 |
|
|
|a 370884
|
| 100 |
|
|
|a 20220812d1980 m y0rusy50 ca
|
| 101 |
1 |
|
|a fre
|c rus
|
| 102 |
|
|
|a RU
|
| 105 |
|
|
|a a j 001zy
|
| 200 |
1 |
|
|a Металлические конструкции
|d Constructions metalliques
|e [учебник]
|f К. К. Муханов
|
| 210 |
|
|
|a Москва
|c Мир
|d 1980
|
| 215 |
|
|
|a 512 с.
|c ил.
|
| 300 |
|
|
|a На французском языке
|
| 320 |
|
|
|a Библиогр.: с. 489-491
|
| 454 |
|
1 |
|0 (RuTPU)RU\TPU\retro\28292
|t Металлические конструкции
|o учебник
|f К. К. Муханов
|e 3-е изд., испр. и доп.
|c Москва
|n Стройиздат
|d 1978
|p 576 с.
|a Муханов, Константин Константинович
|
| 510 |
1 |
|
|a Constructions metalliques
|z fre
|
| 606 |
1 |
|
|a Металлические конструкции
|x Строительная механика
|2 stltpush
|3 (RuTPU)RU\TPU\subj\42312
|9 61991
|
| 610 |
1 |
|
|a учебники
|
| 610 |
1 |
|
|a проектирование
|
| 610 |
1 |
|
|a сортамент
|
| 610 |
1 |
|
|a сварные соединения
|
| 610 |
1 |
|
|a заклепочные соединения
|
| 610 |
1 |
|
|a болтовые соединения
|
| 610 |
1 |
|
|a балки
|
| 610 |
1 |
|
|a фермы
|
| 610 |
1 |
|
|a колонны
|
| 610 |
1 |
|
|a стальные каркасы
|
| 610 |
1 |
|
|a промышленные здания
|
| 610 |
1 |
|
|a одноэтажные промышленные здания
|
| 610 |
1 |
|
|a большепролетные здания
|
| 610 |
1 |
|
|a высотные сооружения
|
| 610 |
1 |
|
|a листовые конструкции
|
| 610 |
1 |
|
|a французский язык
|
| 675 |
|
|
|a 624.014(075.8)
|v 4
|
| 700 |
|
1 |
|a Муханов
|b К. К.
|g Константин Константинович
|
| 801 |
|
1 |
|a RU
|b 63413507
|c 20220812
|
| 801 |
|
2 |
|a RU
|b 63413507
|c 20220812
|g RCR
|
| 942 |
|
|
|c BK
|